000 00756nam a22001935i 4500
001 160327
003 ES-MaACL
005 20230906212012.0
008 040922s1892 xxk |||| | eng d
040 _aCAM
_bspa
_cCAM
100 1 _aMulhall, Michael G.
_9130276
245 1 4 _aThe dictionary of statistics /
_cby Michael G. Mulhall.
260 _aLondon [etc.] :
_bGeorge Routledge and Sons,
_c1892 (
_fprinted by Ballantyne, Hanson and Co.)
300 _aVI, 632 p. ;
_c27 cm.
505 8 _aContiene : Agriculture, Banking, Commerce, Education, Food-Supply, Iron and coal, Mining, Population, Steam-power, Wealth
650 0 4 _aEstadística-
_vDiccionarios.
_9164592
752 _aGran Bretaña -
_cLondres
852 _aES-MaACL
_jG-7106
_z-- Enc. tela
999 _c160327
_d160327